|
|
|
|
| LEADER |
00000nam0a2200000 4500 |
| 001 |
377319 |
| 005 |
20231102012913.0 |
| 035 |
|
|
|a (RuTPU)RU\TPU\retro\34768
|
| 090 |
|
|
|a 377319
|
| 100 |
|
|
|a 20230220d1876 k y0rusy50 ca
|
| 101 |
0 |
|
|a rus
|
| 102 |
|
|
|a RU
|
| 105 |
|
|
|a a z 000zy
|
| 200 |
1 |
|
|a Некоторые сведения о ледяных слоях в Восточной Сибири. (Читано в заседании физико-математического отделения 18 мая 1876 года)
|f И. А. Лопатин
|
| 210 |
|
|
|a Санкт-Петербург
|c [Б. и.]
|d 1876
|
| 215 |
|
|
|a 32 с.
|c ил.
|
| 225 |
1 |
|
|a Приложение к 29-му тому Записок Императорской Академии наук
|v № 1
|
| 300 |
|
|
|a Текст в русской дореформенной орфографии
|
| 606 |
1 |
|
|a Лед
|x (геология)
|2 stltpush
|3 (RuTPU)RU\TPU\subj\79301
|9 87910
|
| 610 |
1 |
|
|a Восточная Сибирь
|
| 610 |
1 |
|
|a горные породы
|
| 610 |
1 |
|
|a наносы
|
| 610 |
1 |
|
|a мерзлота
|
| 610 |
1 |
|
|a Сахалин
|
| 610 |
1 |
|
|a исследовательские материалы
|
| 675 |
|
|
|a 551.322
|v 4
|
| 700 |
|
1 |
|a Лопатин
|b И. А.
|c горный инженер
|c член ВСО РГО
|f 1838-1909
|g Иннокентий Александрович
|2 stltpush
|3 (RuTPU)RU\TPU\pers\27368
|9 12720
|
| 801 |
|
1 |
|a RU
|b 63413507
|c 20230220
|
| 801 |
|
2 |
|a RU
|b 63413507
|c 20230221
|g RCR
|
| 942 |
|
|
|c BK
|